LEADER 01663oam 2200469 a 450 001 9910702335103321 005 20150227110235.0 035 $a(CKB)5470000002426809 035 $a(OCoLC)821067432 035 $a(EXLCZ)995470000002426809 100 $a20121213d2012 ua 0 101 0 $aeng 135 $aurbn||||||||| 181 $ctxt$2rdacontent 182 $cc$2rdamedia 183 $acr$2rdacarrier 200 10$aLast line of defense$b[electronic resource] $ethe Federal Air Marshal Service 10 years after 9/11 : hearing before the Subcommittee on Transportation Security of the Committee on Homeland Security, House of Representatives, One Hundred Twelfth Congress, second session, February 16, 2012 210 1$aWashington :$cU.S. G.P.O.,$d2012. 215 $a1 online resource (iii, 23 pages) 300 $aTitle from title screen (viewed on Dec. 13, 2012). 300 $a"Serial no. 112-69." 517 $aLast line of defense 606 $aAeronautics$xSecurity measures$zUnited States 606 $aSky marshals$zUnited States 606 $aAdministrative agencies$xReorganization$2fast 606 $aAeronautics$xSecurity measures$2fast 606 $aSky marshals$2fast 607 $aUnited States$2fast 615 0$aAeronautics$xSecurity measures 615 0$aSky marshals 615 7$aAdministrative agencies$xReorganization. 615 7$aAeronautics$xSecurity measures. 615 7$aSky marshals. 801 0$bGPO 801 1$bGPO 801 2$bGPO 801 2$bOCLCF 801 2$bGPO 906 $aBOOK 912 $a9910702335103321 996 $aLast line of defense$93501940 997 $aUNINA LEADER 01020nam0 22003011i 450 001 RML0296061 005 20231121125739.0 010 $a081850420X 100 $a20121121d1981 ||||0itac50 ba 101 | $aeng 102 $aus 181 1$6z01$ai $bxxxe 182 1$6z01$an 200 1 $aBehavior change$fJohn R. Lutzker, Jerry A. Martin 210 $aMonterey $cBrooks Cole Publishing $dİ1981 215 $aXIII, 338 p.$d23 cm. 606 $aBehavior modification$xPsychology$2FIR$3RMLC385303$9I 676 $a153.8$9$v21 700 1$aLutzker$b, John R.$3RMLV191229$01445423 701 1$aMartin$b, jerry a.$3RMLV191228$01445424 801 3$aIT$bIT-01$c20121121 850 $aIT-FR0017 899 $aBiblioteca umanistica Giorgio Aprea$bFR0017 912 $aRML0296061 950 0$aBiblioteca umanistica Giorgio Aprea$d 52MAG 7/1597$e 52MAG0000188445 VMN RS $fA $h20170718$i20170718 977 $a 52 996 $aBehavior change$93628908 997 $aUNICAS LEADER 00541nam 2200205zu 450 001 9911001790203321 005 20250514230603.0 035 $a(CKB)38760621200041 035 $a(EXLCZ)9938760621200041 100 $a20250514|2014uuuu || | 101 0 $aeng 135 $aur||||||||||| 200 10$aIntroduction to Beam Physics 210 $cTaylor & Francis$d2014 311 08$a9781000563870 700 $aBerz$b Martin$0732177 906 $aBOOK 912 $a9911001790203321 996 $aIntroduction to Beam Physics$94378257 997 $aUNINA